[Event "d16"]
[Site "?"]
[Date "2014.03.30"]
[Round "9.9"]
[White "Skrzypczak, Edyta"]
[Black "Murawko, Julia"]
[Result "0-1"]
[LiveChessVersion "1.4.2"]
[BlackElo "1723"]
[WhiteElo "1545"]

1. Nf3 {[%clk 1:30:58]} d5 {[%clk 1:30:55]} 2. e3 {[%clk 1:31:13]} Nf6
{[%clk 1:31:18]} 3. b3 {[%clk 1:30:57]} g6 {[%clk 1:31:42]} 4. Bb2
{[%clk 1:30:58]} Bg7 {[%clk 1:32:05]} 5. d4 {[%clk 1:30:29]} O-O {[%clk 1:28:25]}
6. Be2 {[%clk 1:30:18]} Nbd7 {[%clk 1:21:33]} 7. Nbd2 {[%clk 1:27:52]} c5
{[%clk 1:16:48]} 8. O-O {[%clk 1:27:15]} b6 {[%clk 1:04:24]} 9. Ne5
{[%clk 1:24:52]} Nxe5 {[%clk 0:53:40]} 10. dxe5 {[%clk 1:25:17]} Nd7
{[%clk 0:52:54]} 11. f4 {[%clk 1:25:18]} Bb7 {[%clk 0:42:54]} 12. Bf3
{[%clk 1:22:52]} Qc7 {[%clk 0:41:35]} 13. c4 {[%clk 1:21:27]} dxc4
{[%clk 0:35:09]} 14. Bxb7 {[%clk 1:19:47]} Qxb7 {[%clk 0:35:33]} 15. Nxc4
{[%clk 1:19:42]} b5 {[%clk 0:32:06]} 16. Nd2 {[%clk 1:17:54]} Rfd8
{[%clk 0:30:01]} 17. Qe2 {[%clk 1:15:33]} Rac8 {[%clk 0:27:11]} 18. Rac1
{[%clk 1:14:35]} e6 {[%clk 0:19:53]} 19. e4 {[%clk 1:08:43]} Qb6 {[%clk 0:12:13]}
20. Kh1 {[%clk 1:07:40]} Qa5 {[%clk 0:11:20]} 21. Rc2 {[%clk 1:05:17]} a6
{[%clk 0:10:05]} 22. Bc3 {[%clk 1:02:36]} Qc7 {[%clk 0:09:49]} 23. Rfc1
{[%clk 0:57:59]} Qb8 {[%clk 0:09:39]} 24. Ba5 {[%clk 0:57:14]} Re8
{[%clk 0:09:40]} 25. b4 {[%clk 0:46:18]} c4 {[%clk 0:09:16]} 26. Nf3
{[%clk 0:46:21]} f6 {[%clk 0:05:53]} 27. Rd1 {[%clk 0:45:31]} Qb7
{[%clk 0:05:10]} 28. Rcd2 {[%clk 0:45:13]} Re7 {[%clk 0:04:38]} 29. exf6
{[%clk 0:41:44]} Nxf6 {[%clk 0:04:08]} 30. Bd8 {[%clk 0:39:38]} Rd7
{[%clk 0:01:50]} 31. Bxf6 {[%clk 0:38:18]} Rxd2 {[%clk 0:02:14]} 32. Nxd2
{[%clk 0:33:37]} Bxf6 {[%clk 0:02:39]} 33. e5 {[%clk 0:34:01]} Be7
{[%clk 0:01:33]} 34. Qg4 {[%clk 0:30:53]} Kf7 {[%clk 0:00:51]} 35. Nf3
{[%clk 0:30:39]} Rd8 {[%clk 0:00:50]} 36. Rf1 {[%clk 0:29:32]} Qb6
{[%clk 0:00:47]} 37. Ng5+ {[%clk 0:29:19]} Bxg5 {[%clk 0:00:57]} 38. fxg5+
{[%clk 0:29:24]} Kg8 {[%clk 0:00:59]} 39. Qf4 {[%clk 0:26:52]} Qc7
{[%clk 0:01:03]} 40. Qf6 {[%clk 0:49:37]} Qd7 {[%clk 0:31:01]} 41. h4
{[%clk 0:47:56]} Re8 {[%clk 0:29:11]} 42. h5 {[%clk 0:44:43]} Qg7
{[%clk 0:27:02]} 43. Qxg7+ {[%clk 0:32:33]} Kxg7 {[%clk 0:27:25]} 44. h6+
{[%clk 0:32:57]} Kg8 {[%clk 0:27:43]} 45. Rd1 {[%clk 0:31:14]} Rc8
{[%clk 0:26:13]} 46. Kg1 {[%clk 0:31:36]} Kf8 {[%clk 0:25:48]} 47. Rd7
{[%clk 0:31:22]} c3 {[%clk 0:25:56]} 48. Rxh7 {[%clk 0:26:41]} Kg8
{[%clk 0:26:20]} 49. Rg7+ {[%clk 0:27:07]} Kh8 {[%clk 0:26:44]} 50. Rxg6
{[%clk 0:23:10]} c2 {[%clk 0:27:09]} 51. Rxe6 {[%clk 0:23:36]} c1=Q+
{[%clk 0:27:33]} 52. Kh2 {[%clk 0:23:59]} Qxg5 {[%clk 0:27:46]} 0-1

[Event "d16"]
[Site "?"]
[Date "2014.03.30"]
[Round "9.10"]
[White "Kubicka, Anna"]
[Black "Burdzy, Joanna"]
[Result "1-0"]
[LiveChessVersion "1.4.2"]
[BlackElo "1560"]
[WhiteElo "1722"]

1. e4 {[%clk 1:30:57]} e5 {[%clk 1:30:46]} 2. Bc4 {[%clk 1:31:24]} Nf6
{[%clk 1:29:36]} 3. d3 {[%clk 1:31:52]} Bc5 {[%clk 1:29:46]} 4. Nf3
{[%clk 1:32:18]} d6 {[%clk 1:29:57]} 5. c3 {[%clk 1:32:45]} Nc6 {[%clk 1:30:05]}
6. Bb3 {[%clk 1:33:10]} Be6 {[%clk 1:29:32]} 7. Nbd2 {[%clk 1:33:04]} O-O
{[%clk 1:28:36]} 8. Nf1 {[%clk 1:33:29]} Ne7 {[%clk 1:25:52]} 9. Ng3
{[%clk 1:32:57]} Bb6 {[%clk 1:23:59]} 10. O-O {[%clk 1:33:10]} Ng6
{[%clk 1:22:17]} 11. Ng5 {[%clk 1:31:31]} Bxb3 {[%clk 1:19:45]} 12. axb3
{[%clk 1:30:30]} h6 {[%clk 1:19:22]} 13. Nh3 {[%clk 1:30:11]} Ne7
{[%clk 1:15:57]} 14. Kh1 {[%clk 1:29:25]} d5 {[%clk 1:13:35]} 15. f4
{[%clk 1:28:38]} exf4 {[%clk 1:10:36]} 16. e5 {[%clk 1:25:47]} Nh7
{[%clk 1:06:35]} 17. Nxf4 {[%clk 1:24:48]} d4 {[%clk 1:04:41]} 18. Qg4
{[%clk 1:22:55]} Qc8 {[%clk 1:01:29]} 19. Qe2 {[%clk 1:13:01]} Ng5
{[%clk 0:52:03]} 20. Ra4 {[%clk 1:10:36]} c5 {[%clk 0:48:45]} 21. cxd4
{[%clk 1:08:37]} cxd4 {[%clk 0:48:57]} 22. Rc4 {[%clk 1:08:44]} Qd7
{[%clk 0:48:18]} 23. Nfh5 {[%clk 1:08:21]} Nh7 {[%clk 0:35:35]} 24. Qe4
{[%clk 1:06:50]} Qd5 {[%clk 0:31:17]} 25. Qg4 {[%clk 0:58:32]} Ng6
{[%clk 0:24:14]} 26. Nf5 {[%clk 0:33:35]} Qxe5 {[%clk 0:12:56]} 27. Nhxg7
{[%clk 0:30:12]} Bc7 {[%clk 0:10:27]} 28. Rxc7 {[%clk 0:17:33]} Qxc7
{[%clk 0:10:15]} 29. Ne6 {[%clk 0:17:24]} fxe6 {[%clk 0:09:23]} 30. Qxg6+
{[%clk 0:17:46]} Kh8 {[%clk 0:09:37]} 31. Bf4 {[%clk 0:18:02]} Rxf5
{[%clk 0:08:12]} 32. Qxf5 {[%clk 0:18:24]} exf5 {[%clk 0:08:40]} 33. Bxc7
{[%clk 0:18:48]} Ng5 {[%clk 0:07:30]} 34. h4 {[%clk 0:18:26]} Ne6
{[%clk 0:07:26]} 35. Be5+ {[%clk 0:18:48]} Kh7 {[%clk 0:07:46]} 36. Rxf5
{[%clk 0:19:14]} Rc8 {[%clk 0:07:34]} 37. Rf7+ {[%clk 0:19:03]} Kg8
{[%clk 0:07:48]} 38. Rxb7 {[%clk 0:18:11]} Rc1+ {[%clk 0:07:32]} 39. Kh2
{[%clk 0:18:35]} Rc2 {[%clk 0:07:50]} 40. Re7 {[%clk 0:43:56]} Rc6
{[%clk 0:37:49]} 41. Rxa7 {[%clk 0:44:01]} Nc5 {[%clk 0:38:02]} 42. Rc7
{[%clk 0:43:04]} Rxc7 {[%clk 0:38:19]} 43. Bxc7 {[%clk 0:43:30]} Nxd3
{[%clk 0:38:41]} 44. Bb6 {[%clk 0:43:50]} Nxb2 {[%clk 0:39:04]} 45. Bxd4
{[%clk 0:44:17]} Nd3 {[%clk 0:39:27]} 46. Kg3 {[%clk 0:44:34]} Kf7
{[%clk 0:39:51]} 47. Kg4 {[%clk 0:44:53]} Kg6 {[%clk 0:40:12]} 48. h5+
{[%clk 0:44:43]} Kf7 {[%clk 0:40:37]} 49. Kf5 {[%clk 0:45:05]} Ne1
{[%clk 0:41:01]} 50. g4 {[%clk 0:45:06]} Nf3 {[%clk 0:41:27]} 51. Be3
{[%clk 0:45:11]} Nh4+ {[%clk 0:41:33]} 52. Kf4 {[%clk 0:45:33]} Ng2+
{[%clk 0:41:53]} 53. Kf3 {[%clk 0:45:56]} Nxe3 {[%clk 0:42:15]} 54. Kxe3
{[%clk 0:46:23]} Ke6 {[%clk 0:42:38]} 55. Kf4 {[%clk 0:46:45]} 1-0

[Event "d16"]
[Site "?"]
[Date "2014.03.30"]
[Round "9.11"]
[White "Jedrocha, Katarzyna"]
[Black "Pluta, Natalia"]
[Result "1-0"]
[LiveChessVersion "1.4.2"]
[BlackElo "1474"]
[WhiteElo "1722"]

1. e4 {[%clk 1:30:58]} d5 {[%clk 1:30:50]} 2. exd5 {[%clk 1:31:18]} Qxd5
{[%clk 1:31:14]} 3. Nc3 {[%clk 1:31:41]} Qa5 {[%clk 1:31:34]} 4. d4
{[%clk 1:31:59]} Nf6 {[%clk 1:31:39]} 5. Bc4 {[%clk 1:32:06]} Bf5
{[%clk 1:31:48]} 6. Nge2 {[%clk 1:32:09]} e6 {[%clk 1:31:57]} 7. O-O
{[%clk 1:32:23]} c6 {[%clk 1:31:28]} 8. Ng3 {[%clk 1:32:08]} Bg6 {[%clk 1:31:29]}
9. f4 {[%clk 1:31:33]} Be7 {[%clk 1:14:00]} 10. Qe2 {[%clk 1:26:43]} Qd8
{[%clk 1:09:56]} 11. f5 {[%clk 1:21:35]} exf5 {[%clk 1:09:55]} 12. Nxf5
{[%clk 1:08:57]} Bxf5 {[%clk 1:09:49]} 13. Rxf5 {[%clk 1:09:12]} O-O
{[%clk 1:09:43]} 14. Be3 {[%clk 1:07:52]} Nbd7 {[%clk 1:05:14]} 15. Raf1
{[%clk 1:01:52]} Nb6 {[%clk 0:58:06]} 16. Bb3 {[%clk 0:59:34]} Re8
{[%clk 0:56:18]} 17. Qf2 {[%clk 0:53:32]} Nbd5 {[%clk 0:53:47]} 18. Nxd5
{[%clk 0:52:17]} cxd5 {[%clk 0:54:11]} 19. Qf3 {[%clk 0:43:52]} Qb6
{[%clk 0:50:21]} 20. c3 {[%clk 0:27:21]} Rad8 {[%clk 0:48:30]} 21. Bg5
{[%clk 0:26:03]} Rd6 {[%clk 0:34:30]} 22. Bxf6 {[%clk 0:19:04]} Bxf6
{[%clk 0:34:40]} 23. Rxd5 {[%clk 0:19:22]} Rde6 {[%clk 0:32:11]} 24. Rd7
{[%clk 0:18:02]} R6e7 {[%clk 0:32:23]} 25. Qg4 {[%clk 0:17:12]} h6
{[%clk 0:31:39]} 26. Rxe7 {[%clk 0:12:05]} Rxe7 {[%clk 0:31:55]} 27. Qc8+
{[%clk 0:12:24]} Kh7 {[%clk 0:32:17]} 28. Qf8 {[%clk 0:11:37]} Qc7
{[%clk 0:30:20]} 29. Bc2+ {[%clk 0:11:39]} g6 {[%clk 0:29:26]} 30. Rxf6
{[%clk 0:11:35]} Qd7 {[%clk 0:28:31]} 31. Bb3 {[%clk 0:10:14]} 1-0

[Event "d16"]
[Site "?"]
[Date "2014.03.30"]
[Round "9.12"]
[White "Bebnik, Malgorzata"]
[Black "Topolan, Agata"]
[Result "1-0"]
[LiveChessVersion "1.4.2"]
[BlackElo "1571"]
[WhiteElo "1547"]

1. d4 {[%clk 1:30:58]} Nf6 {[%clk 1:30:54]} 2. c4 {[%clk 1:31:21]} g6
{[%clk 1:31:18]} 3. Nf3 {[%clk 1:31:43]} Bg7 {[%clk 1:31:41]} 4. Bf4
{[%clk 1:32:01]} O-O {[%clk 1:31:59]} 5. e3 {[%clk 1:32:15]} d5 {[%clk 1:32:12]}
6. Nc3 {[%clk 1:32:28]} e6 {[%clk 1:30:49]} 7. h3 {[%clk 1:32:08]} c5
{[%clk 1:27:06]} 8. dxc5 {[%clk 1:29:31]} Qa5 {[%clk 1:26:55]} 9. Qd2
{[%clk 1:24:56]} Na6 {[%clk 1:20:22]} 10. Bd6 {[%clk 1:20:35]} Rd8
{[%clk 1:20:04]} 11. cxd5 {[%clk 1:10:59]} Nxc5 {[%clk 1:15:02]} 12. Nb5
{[%clk 1:06:05]} Qxd2+ {[%clk 1:13:26]} 13. Nxd2 {[%clk 1:06:05]} Nce4
{[%clk 1:10:54]} 14. Nxe4 {[%clk 1:03:38]} Nxe4 {[%clk 1:11:10]} 15. Be7
{[%clk 1:03:19]} Rxd5 {[%clk 1:06:02]} 16. Rb1 {[%clk 0:59:37]} Rd7
{[%clk 1:05:36]} 17. Bb4 {[%clk 0:55:38]} a6 {[%clk 1:03:39]} 18. Nc3
{[%clk 0:56:00]} Nxc3 {[%clk 1:02:28]} 19. Bxc3 {[%clk 0:56:28]} Bxc3+
{[%clk 0:59:36]} 20. bxc3 {[%clk 0:56:56]} b5 {[%clk 0:59:53]} 21. c4
{[%clk 0:52:42]} bxc4 {[%clk 0:58:51]} 22. Bxc4 {[%clk 0:53:03]} Bb7
{[%clk 0:59:07]} 23. O-O {[%clk 0:52:38]} Be4 {[%clk 0:57:00]} 24. Rb2
{[%clk 0:50:43]} Rc7 {[%clk 0:56:36]} 25. Bb3 {[%clk 0:50:17]} Rd8
{[%clk 0:55:39]} 26. Ba4 {[%clk 0:46:18]} Rc4 {[%clk 0:55:05]} 27. Bb3
{[%clk 0:46:24]} Rb4 {[%clk 0:51:57]} 28. Rc1 {[%clk 0:44:37]} Rb6
{[%clk 0:45:46]} 29. f3 {[%clk 0:40:20]} Rc6 {[%clk 0:40:59]} 30. Re1
{[%clk 0:39:36]} Bd3 {[%clk 0:37:08]} 31. Rd2 {[%clk 0:39:52]} Rcd6
{[%clk 0:29:46]} 32. Red1 {[%clk 0:40:11]} R6d7 {[%clk 0:30:04]} 33. Ba4
{[%clk 0:34:48]} Rd5 {[%clk 0:28:18]} 34. Bc6 {[%clk 0:26:02]} Be2
{[%clk 0:21:16]} 35. Rxd5 {[%clk 0:26:13]} Rxd5 {[%clk 0:21:08]} 36. Rxd5
{[%clk 0:26:24]} exd5 {[%clk 0:21:33]} 37. Bxd5 {[%clk 0:26:51]} Bb5
{[%clk 0:21:17]} 38. Kf2 {[%clk 0:27:04]} Kf8 {[%clk 0:21:38]} 39. g3
{[%clk 0:27:03]} Ke7 {[%clk 0:21:31]} 40. e4 h6 {[%clk 0:51:11]} 41. h4
{[%clk 0:57:30]} g5 {[%clk 0:50:09]} 42. hxg5 hxg5 {[%clk 0:50:32]} 43. Ke3
{[%clk 0:57:41]} Bd7 {[%clk 0:49:06]} 44. f4 {[%clk 0:56:41]} gxf4+
{[%clk 0:48:32]} 45. gxf4 {[%clk 0:56:58]} a5 {[%clk 0:45:13]} 46. Kd4
{[%clk 0:57:20]} f6 {[%clk 0:43:29]} 47. Kc5 {[%clk 0:57:31]} Ba4
{[%clk 0:39:31]} 48. Kb6 {[%clk 0:57:49]} Kd6 {[%clk 0:39:56]} 49. Kxa5
{[%clk 0:58:08]} Bc2 {[%clk 0:40:20]} 50. Kb4 {[%clk 0:54:44]} f5
{[%clk 0:40:02]} 51. Kc3 {[%clk 0:55:06]} Bb1 {[%clk 0:40:24]} 52. Kd4
{[%clk 0:52:10]} fxe4 {[%clk 0:40:16]} 53. a3 {[%clk 0:52:15]} e3
{[%clk 0:40:02]} 54. Bf3 {[%clk 0:52:24]} Ke6 {[%clk 0:39:11]} 55. Kxe3
{[%clk 0:51:40]} Ba2 {[%clk 0:37:12]} 56. Be4 {[%clk 0:51:36]} Bb3
{[%clk 0:37:11]} 57. Kd4 {[%clk 0:51:48]} Kd6 {[%clk 0:37:24]} 58. f5
{[%clk 0:50:57]} Ba4 {[%clk 0:36:43]} 59. Bd5 {[%clk 0:50:20]} Bd7
{[%clk 0:36:32]} 60. f6 {[%clk 0:50:36]} Bb5 {[%clk 0:36:05]} 61. f7
{[%clk 0:50:23]} Ke7 {[%clk 0:36:28]} 62. Kc5 {[%clk 0:50:00]} Bd7
{[%clk 0:36:37]} 63. Kb4 {[%clk 0:50:03]} 1-0

[Event "d16"]
[Site "?"]
[Date "2014.03.30"]
[Round "9.13"]
[White "Mielczarek, Joanna"]
[Black "Kopica, Paulina"]
[Result "0-1"]
[LiveChessVersion "1.4.2"]
[BlackElo "1756"]
[WhiteElo "1563"]

1. e4 {[%clk 1:30:57]} c5 {[%clk 1:30:51]} 2. Nf3 {[%clk 1:31:17]} Nc6
{[%clk 1:31:13]} 3. d4 {[%clk 1:31:34]} cxd4 {[%clk 1:31:37]} 4. Nxd4
{[%clk 1:31:53]} Nf6 {[%clk 1:31:56]} 5. Nc3 {[%clk 1:31:57]} d6 {[%clk 1:32:17]}
6. Be2 {[%clk 1:21:21]} e5 {[%clk 1:32:24]} 7. Nb3 {[%clk 1:08:00]} Be7
{[%clk 1:32:32]} 8. Be3 {[%clk 1:03:52]} O-O {[%clk 1:32:36]} 9. Qd2
{[%clk 1:02:43]} a5 {[%clk 1:31:29]} 10. a4 {[%clk 1:02:33]} Nb4 {[%clk 1:29:05]}
11. O-O-O {[%clk 0:54:19]} Be6 {[%clk 1:22:06]} 12. f4 {[%clk 0:35:06]} Rc8
{[%clk 1:15:21]} 13. Kb1 {[%clk 0:24:33]} Nxe4 {[%clk 0:52:26]} 14. Nxe4
{[%clk 0:24:48]} Rxc2 {[%clk 0:52:36]} 15. Qxc2 {[%clk 0:25:10]} Nxc2
{[%clk 0:52:49]} 16. Kxc2 {[%clk 0:25:30]} Qc7+ {[%clk 0:44:09]} 17. Nc3
{[%clk 0:20:48]} Rc8 {[%clk 0:42:15]} 18. fxe5 {[%clk 0:16:47]} dxe5
{[%clk 0:42:20]} 19. Nd2 {[%clk 0:00:38]} Bb4 {[%clk 0:38:16]} 20. Nde4
{[%clk 0:00:34]} Bf5 {[%clk 0:36:42]} 21. Kb3 {[%clk 0:00:32]} Bxe4
{[%clk 0:36:48]} 22. Nxe4 {[%clk 0:00:37]} Qc2+ {[%clk 0:36:59]} 23. Ka2
{[%clk 0:00:58]} Qxa4+ {[%clk 0:37:04]} 24. Kb1 {[%clk 0:00:59]} Qc2+
{[%clk 0:37:29]} 25. Ka1 {[%clk 0:00:37]} Qxe2 {[%clk 0:37:40]} 26. Nd6
{[%clk 0:00:34]} Bxd6 {[%clk 0:37:47]} 27. Rxd6 {[%clk 0:00:41]} Qxe3
{[%clk 0:37:58]} 28. Rhd1 {[%clk 0:00:51]} Rc1+ {[%clk 0:38:15]} 29. Rxc1
{[%clk 0:00:45]} Qxc1+ {[%clk 0:38:42]} 30. Ka2 {[%clk 0:01:06]} g6
{[%clk 0:38:56]} 0-1

[Event "d16"]
[Site "?"]
[Date "2014.03.30"]
[Round "9.14"]
[White "Olechnicka, Karolina"]
[Black "Wojna, Ewelina"]
[Result "0-1"]
[LiveChessVersion "1.4.2"]
[BlackElo "1564"]
[WhiteElo "1720"]

1. e4 {[%clk 1:30:58]} c5 {[%clk 1:30:56]} 2. Nf3 {[%clk 1:31:21]} Nc6
{[%clk 1:31:21]} 3. d4 {[%clk 1:31:45]} cxd4 {[%clk 1:31:47]} 4. Nxd4
{[%clk 1:32:12]} g6 {[%clk 1:32:10]} 5. Nc3 {[%clk 1:32:38]} Bg7 {[%clk 1:32:34]}
6. Be3 {[%clk 1:33:04]} Nf6 {[%clk 1:32:52]} 7. Nxc6 {[%clk 1:32:55]} bxc6
{[%clk 1:33:10]} 8. e5 {[%clk 1:32:33]} Nd5 {[%clk 1:33:03]} 9. Nxd5
{[%clk 1:32:33]} cxd5 {[%clk 1:33:28]} 10. Qxd5 {[%clk 1:32:02]} Rb8
{[%clk 1:33:32]} 11. Bxa7 {[%clk 1:17:33]} Rxb2 {[%clk 1:33:48]} 12. Bd4
{[%clk 1:07:03]} Rb8 {[%clk 1:11:11]} 13. Bc4 {[%clk 0:51:32]} O-O
{[%clk 1:11:19]} 14. Qe4 {[%clk 0:48:04]} Qa5+ {[%clk 1:09:35]} 15. c3
{[%clk 0:44:03]} Bb7 {[%clk 1:06:55]} 16. Qg4 {[%clk 0:43:14]} Qc7
{[%clk 0:58:26]} 17. Be2 {[%clk 0:23:02]} Bxe5 {[%clk 0:56:53]} 18. Bxe5
{[%clk 0:23:15]} Qxe5 {[%clk 0:57:17]} 19. O-O {[%clk 0:22:05]} h5
{[%clk 0:54:37]} 20. Qc4 {[%clk 0:14:38]} Rfc8 {[%clk 0:53:13]} 21. Qb5
{[%clk 0:14:50]} Rc5 {[%clk 0:51:58]} 22. Qb2 {[%clk 0:13:44]} Bc6
{[%clk 0:30:14]} 23. Qd2 {[%clk 0:12:04]} Rxc3 {[%clk 0:29:10]} 24. a4
{[%clk 0:10:17]} Rcb3 {[%clk 0:27:20]} 25. Rfe1 {[%clk 0:09:11]} Rb2
{[%clk 0:24:08]} 26. Qd1 {[%clk 0:09:23]} Qa5 {[%clk 0:21:29]} 27. Bf3
{[%clk 0:06:44]} Rd2 {[%clk 0:21:15]} 28. Qc1 {[%clk 0:06:32]} Bxf3
{[%clk 0:20:32]} 29. gxf3 {[%clk 0:06:55]} Rbb2 {[%clk 0:16:25]} 30. Qc8+
{[%clk 0:06:47]} Kg7 {[%clk 0:16:48]} 31. Rf1 {[%clk 0:03:43]} Qg5+
{[%clk 0:14:27]} 32. Kh1 {[%clk 0:04:08]} Rxf2 {[%clk 0:12:12]} 33. Rxf2
{[%clk 0:04:32]} Rxf2 {[%clk 0:12:36]} 34. Qc3+ {[%clk 0:04:35]} Kh7
{[%clk 0:10:49]} 35. Rg1 {[%clk 0:04:51]} Qf4 {[%clk 0:10:20]} 36. Rg3
{[%clk 0:04:47]} Qh4 {[%clk 0:08:29]} 37. Rg2 {[%clk 0:04:35]} Rf1+
{[%clk 0:08:28]} 0-1

[Event "d16"]
[Site "?"]
[Date "2014.03.30"]
[Round "9.15"]
[White "Glapa, Anna"]
[Black "Ostrowska, Joanna"]
[Result "1-0"]
[LiveChessVersion "1.4.2"]
[BlackElo "1500"]
[WhiteElo "1676"]

1. e4 e5 2. Nf3 Nc6 3. Bb5 d6 4. d4 exd4 5. Nxd4 Bd7 6. Bxc6 bxc6 7. Qf3 g6 8.
Nxc6 Qf6 9. Nb4 Qxf3 10. gxf3 Bg7 11. Nd5 Rc8 12. c3 Ne7 13. Nxe7 Kxe7 14. Na3
Rhe8 15. Be3 a6 16. Nc2 c5 17. Bf4 Rb8 18. O-O-O Rb6 19. Ne3 Be6 20. Nd5+ Bxd5
21. Rxd5 Ke6 22. Rhd1 Bf8 23. Bg3 f6 24. f4 Reb8 25. b3 a5 26. f5+ Kd7 27. Rxc5
Rc8 28. Rxc8 Kxc8 29. fxg6 hxg6 30. Rd5 Ra6 31. Kc2 Kc7 32. a4 Be7 33. f4 Bf8 34.
Bh4 Bg7 35. Rb5 Ra8 36. Bf2 Ra6 37. Bd4 Bh8 38. e5 dxe5 39. fxe5 f5 40. Rc5+ Kd7
41. e6+ Kd6 42. e7 Ra8 43. Rxa5 Re8 44. Bc5+ Kd5 45. Kd3 Ke6 46. Ra6+ Kf7 47. a5
Rc8 48. b4 Be5 49. Bd6 Bxc3 50. b5 Bf6 51. Rc6 1-0

[Event "d16"]
[Site "?"]
[Date "2014.03.30"]
[Round "9.16"]
[White "Bebel, Agnieszka"]
[Black "Kotula, Magdalena"]
[Result "0-1"]
[LiveChessVersion "1.4.2"]
[BlackElo "1629"]
[WhiteElo "1524"]

1. e4 c5 2. Nf3 Nc6 3. Nc3 Nf6 4. Bb5 Qc7 5. Nd5 Nxd5 6. exd5 Nd4 7. Nxd4 cxd4 8.
c4 g6 9. O-O Bg7 10. Qe2 Be5 11. h3 O-O 12. d3 a6 13. Ba4 Rb8 14. Bh6 Re8 15.
Rac1 Bh2+ 16. Kh1 Bf4 17. Bxf4 Qxf4 18. Qe4 Qxe4 19. dxe4 b5 20. cxb5 axb5 21.
Bb3 e5 22. f4 f5 23. d6+ Kh8 24. Rc5 fxe4 25. fxe5 e3 26. Kg1 d3 27. Rf3 e2 28.
Kf2 Ba6 29. Bf7 Rf8 30. b4 Bb7 31. Bd5 Rxf3+ 32. gxf3 Ra8 33. Bb3 Bxf3 34. Bd5 d2
0-1

[Event "d16"]
[Site "?"]
[Date "2014.03.30"]
[Round "9.17"]
[White "Wierzbowska, Aleksandra"]
[Black "Kozubal, Aleksandra"]
[Result "0-1"]
[LiveChessVersion "1.4.2"]
[BlackElo "1571"]
[WhiteElo "1436"]

1. d4 d5 2. c4 c6 3. Nc3 a6 4. cxd5 cxd5 5. Bf4 Nc6 6. e3 e6 7. a3 Bd6 8. Bg3
Nge7 9. Bd3 h6 10. Nge2 O-O 11. Qc2 f6 12. O-O Kh8 13. Qa4 Bxg3 14. Nxg3 e5 15.
Nge2 Be6 16. Qb3 b5 17. dxe5 fxe5 18. e4 dxe4 19. Qxe6 exd3 20. Ng3 Rf6 21. Qg4
Rf4 22. Qh3 Qd4 23. Rad1 Qc4 24. Qd7 a5 25. Qxd3 Qxd3 26. Rxd3 b4 27. Nd5 Nxd5
28. Rxd5 Rc4 29. Nf5 bxa3 30. bxa3 a4 31. Ra1 Rb8 32. Nd6 Rc3 33. Nf7+ Kg8 34.
Nxe5 Nxe5 35. Rxe5 Rxa3 36. Ree1 Rxa1 37. Rxa1 a3 38. f3 Rb3 39. h3 Kf7 40. Kh2
Ke6 41. Kg3 Kd5 42. h4 Kc4 43. Kf4 Kc3 44. Kf5 Kb2 45. Re1 Rc3 46. Re7 a2 47.
Rb7+ Rb3 48. Ra7 a1=Q 49. Rxa1 Kxa1 50. Kg6 Rb7 51. f4 Kb2 52. f5 Kc3 53. f6 gxf6
54. Kxh6 Kd4 55. Kg6 Ke5 56. g4 Kf4 57. h5 Kxg4 58. h6 f5 59. h7 Rxh7 60. Kxh7 f4
61. Kg6 f3 62. Kh6 f2 63. Kg6 f1=Q 64. Kh6 Qf6+ 65. Kh7 Kh5 66. Kg8 Qe7 67. Kh8
Kg6 68. Kg8 Qg7# 0-1

[Event "d16"]
[Site "?"]
[Date "2014.03.30"]
[Round "9.19"]
[White "Fraczek, Weronika"]
[Black "Hampel, Anna"]
[Result "1-0"]
[LiveChessVersion "1.4.2"]
[BlackElo "1342"]
[WhiteElo "1567"]

1. e4 {[%clk 1:30:59]} e5 {[%clk 1:30:55]} 2. Nf3 {[%clk 1:31:23]} Nc6
{[%clk 1:31:19]} 3. Bb5 {[%clk 1:31:47]} a6 {[%clk 1:31:39]} 4. Ba4
{[%clk 1:32:11]} Nf6 {[%clk 1:31:58]} 5. d3 {[%clk 1:32:33]} d6 {[%clk 1:32:16]}
6. c3 {[%clk 1:32:56]} g6 {[%clk 1:32:29]} 7. Nbd2 {[%clk 1:33:16]} Bg7
{[%clk 1:32:40]} 8. Nf1 {[%clk 1:33:13]} O-O {[%clk 1:32:41]} 9. Ne3
{[%clk 1:33:26]} b5 {[%clk 1:31:51]} 10. Bc2 {[%clk 1:33:41]} d5 {[%clk 1:29:50]}
11. Qe2 {[%clk 1:30:55]} Re8 {[%clk 1:25:27]} 12. O-O {[%clk 1:30:08]} Bb7
{[%clk 1:23:17]} 13. exd5 {[%clk 1:25:48]} Nxd5 {[%clk 1:23:28]} 14. Nxd5
{[%clk 1:26:05]} Qxd5 {[%clk 1:23:44]} 15. Bb3 {[%clk 1:25:24]} Qd7
{[%clk 1:22:17]} 16. Ng5 {[%clk 1:24:18]} Rf8 {[%clk 1:21:00]} 17. Ne4
{[%clk 1:23:42]} Qe8 {[%clk 1:11:24]} 18. Nc5 {[%clk 1:18:41]} Bc8
{[%clk 1:08:27]} 19. Bd5 {[%clk 1:17:50]} Rb8 {[%clk 1:08:30]} 20. f4
{[%clk 1:05:27]} Ne7 {[%clk 1:04:10]} 21. Bf3 {[%clk 1:03:33]} Nf5
{[%clk 0:50:29]} 22. fxe5 {[%clk 0:58:40]} Qxe5 {[%clk 0:43:23]} 23. Qxe5
{[%clk 0:58:01]} Bxe5 {[%clk 0:43:47]} 24. d4 {[%clk 0:57:17]} Bd6
{[%clk 0:43:06]} 25. Ne4 {[%clk 0:56:36]} Kg7 {[%clk 0:36:39]} 26. Nxd6
{[%clk 0:55:46]} Nxd6 {[%clk 0:36:59]} 27. Bf4 {[%clk 0:55:49]} Bf5
{[%clk 0:34:46]} 28. Rfe1 {[%clk 0:54:03]} Rfe8 {[%clk 0:33:15]} 29. Bc6
{[%clk 0:47:21]} Rxe1+ {[%clk 0:29:26]} 30. Rxe1 {[%clk 0:47:39]} Rb6
{[%clk 0:29:15]} 31. d5 {[%clk 0:47:20]} Kf8 {[%clk 0:27:23]} 32. Bh6+
{[%clk 0:45:25]} Kg8 {[%clk 0:27:16]} 33. Re7 {[%clk 0:45:06]} Rb8
{[%clk 0:25:31]} 34. Rxc7 {[%clk 0:44:25]} Nc4 {[%clk 0:22:18]} 35. b3
{[%clk 0:32:06]} Na5 {[%clk 0:17:39]} 36. Bd7 {[%clk 0:29:58]} Be4
{[%clk 0:13:40]} 37. c4 {[%clk 0:25:03]} bxc4 {[%clk 0:07:44]} 38. bxc4
{[%clk 0:20:26]} Bb1 {[%clk 0:06:17]} 39. Rc5 {[%clk 0:15:55]} Nb7
{[%clk 0:05:43]} 40. Rc8+ {[%clk 0:45:42]} Rxc8 {[%clk 0:36:04]} 41. Bxc8
{[%clk 0:46:09]} Nc5 {[%clk 0:36:19]} 42. d6 {[%clk 0:41:51]} Bf5
{[%clk 0:28:04]} 43. Bxf5 {[%clk 0:41:18]} gxf5 {[%clk 0:28:29]} 44. Be3
{[%clk 0:41:13]} Ne6 {[%clk 0:28:40]} 45. c5 {[%clk 0:39:18]} Kf8
{[%clk 0:28:59]} 46. c6 {[%clk 0:37:59]} Ke8 {[%clk 0:28:50]} 47. Bb6
{[%clk 0:37:24]} f4 {[%clk 0:26:58]} 48. Kf2 {[%clk 0:37:12]} f5 {[%clk 0:26:04]}
49. h4 {[%clk 0:37:09]} Nf8 {[%clk 0:22:41]} 50. Kf3 {[%clk 0:35:09]} Ne6
{[%clk 0:22:54]} 51. a3 {[%clk 0:35:04]} a5 {[%clk 0:22:16]} 52. a4
{[%clk 0:35:15]} h5 {[%clk 0:22:28]} 53. Kf2 {[%clk 0:35:28]} Nf8
{[%clk 0:22:33]} 54. Bxa5 {[%clk 0:35:32]} 1-0